Elastomeric Materials for the Cable Industry their Application Area and Future Use

Bibliographic Details
Main Authors: Grigorian, A. G. (Author), Michlin, V. E. (Author)
Format: Article
Language:English
Subjects:

MARC

LEADER 00000nab a2200000 a 4500
001 vtls000429980
003 SK-MaSNL
005 20260318140817.0
008 230217c1990 xo 0 eng
015 |a SNBRB19rr/mm-uuuuu 
035 |a CL0430108 
035 |a urn:nbn:sk:snk-ab2ldu 
035 |a (urnnbn)urn:nbn:sk:snk:ar-a02lmo 
035 |a (uuid)0f975c92-e921-4b91-a2b9-a1d8e24b73a4 
040 |a SNKBUCL  |b slo  |c SNKBUCL  |e AACR2 
041 0 |a eng 
044 |a xo  |c SK 
080 |a 621.315.211:678.64.074  |2 1981 
080 |a 678.64.074  |2 1981 
080 |a 677.7  |2 1981 
100 1 |a Grigorian, A. G.  |4 aut  |9 1154183 
245 1 0 |a Elastomeric Materials for the Cable Industry their Application Area and Future Use  |c A. G. Grigorian, V. E. Michlin 
650 0 7 |a priemysel káblový  |2 snkbucl  |9 971993 
650 0 7 |a elastoméry  |2 snkbucl  |9 94123 
655 7 |a články z novín a časopisov  |2 snkbucl  |9 267496 
700 1 |a Michlin, V. E.  |4 aut  |9 1154184 
773 0 |t Elektroizolačná a káblová technika - Ekt  |g Roč. 43, č. 3-4 (1990), s. 182-187 
850 |a Slovenská národná knižnica v Martine  |a MTA001 
852 |a SNK  |b KIS3GCP 
958 |a RK 
958 |a SU 
958 |a OND 
958 |a EUIPO 
958 |a article27 
992 |a RBX 
999 |c 1960294  |d 1962224